|
|
|
|
| LEADER |
00000nam0a2200000 4500 |
| 001 |
252112 |
| 005 |
20231101232722.0 |
| 010 |
|
|
|a 5343000614
|
| 035 |
|
|
|a (RuTPU)RU\TPU\book\274433
|
| 090 |
|
|
|a 252112
|
| 100 |
|
|
|a 20140227d1989 k y0rusy50 ca
|
| 101 |
0 |
|
|a rus
|
| 102 |
|
|
|a BY
|
| 105 |
|
|
|a a z 001zy
|
| 200 |
1 |
|
|a Пирометрия при посторонних источниках излучения
|f В. Б. Ранцевич
|g Академия наук СССР (АН СССР), Институт прикладной физики (ИПФ)
|
| 210 |
|
|
|a Минск
|c Наука и техника
|d 1989
|
| 215 |
|
|
|a 104 с.
|c ил.
|
| 320 |
|
|
|a Библиогр.: с. 98-102.
|
| 606 |
1 |
|
|a Пирометрия радиационная
|2 stltpush
|3 (RuTPU)RU\TPU\subj\48807
|9 67646
|
| 610 |
1 |
|
|a излучение
|
| 610 |
1 |
|
|a нагретые тела
|
| 610 |
1 |
|
|a источники
|
| 610 |
1 |
|
|a радиационная температура
|
| 610 |
1 |
|
|a яркостная температура
|
| 610 |
1 |
|
|a цветовая температура
|
| 610 |
1 |
|
|a тепловые источники
|
| 610 |
1 |
|
|a облучение
|
| 675 |
|
|
|a 536.52
|v 3
|
| 700 |
|
1 |
|a Ранцевич
|b В. Б.
|g Валерий Брониславович
|
| 712 |
0 |
2 |
|a Академия наук СССР (АН СССР)
|b Институт прикладной физики (ИПФ)
|c (Нижний Новгород)
|2 stltpush
|3 (RuTPU)RU\TPU\col\11346
|
| 801 |
|
1 |
|a RU
|b 63413507
|c 20140227
|
| 801 |
|
2 |
|a RU
|b 63413507
|c 20140313
|g RCR
|
| 942 |
|
|
|c BK
|